[Event "HUN-chT2 Charousek 1819"]
[Site "Hungary"]
[Date "2018.11.18"]
[Round "4.12"]
[White "Merenyi, Gabor"]
[Black "Murin, Janos"]
[Result "0-1"]
[WhiteElo "1937"]
[BlackElo "2068"]
[PlyCount "104"]
[EventDate "2018.09.23"]
[EventType "team-tourn"]
[EventRounds "11"]
[EventCountry "HUN"]
[SourceTitle "CBM 189 Extra"]
[Source "ChessBase"]
[SourceDate "2019.06.03"]
[SourceVersion "1"]
[SourceVersionDate "2019.06.03"]
[SourceQuality "1"]
[WhiteTeam "Budapest HUSI"]
[BlackTeam "Budapest HASE"]
[WhiteTeamCountry "HUN"]
[BlackTeamCountry "HUN"]

1. e4 c5 2. Nf3 Nc6 3. d4 cxd4 4. Nxd4 g6 5. c4 Bg7 6. Be3 d6 7. Nc3 Nf6 8. Be2 0-0 9. Rc1 Bd7 10. 0-0 Nxd4 11. Bxd4 Bc6 12. f4 a5 13. Bf3 Nd7 14. Bxg7 Kxg7 15. Qd4+ f6 16. Ne2 Qb8 17. h4 e5 18. Qd2 Nc5 19. Qc2 Qc7 20. f5 Rad8 21. g4 b5 22. Ng3 Qb6 23. Kh2 bxc4 24. Rg1 Nd3 25. Rb1 Bb5 26. b3 Nb4 27. Qd2 c3 28. Qxc3 Rc8 29. Qe1 Rc2+ 30. Rg2 Rfc8 31. a3 Nd3 32. Qg1 Qc7 33. Bd1 Rxg2+ 34. Qxg2 Nf4 35. Qd2 Bd3 36. Rb2 Qb6 37. b4 Be2 38. Nh1 Bxd1 39. Qxd1 Qe3 40. Nf2 Rc3 41. Nh1 Rc1 42. Rb3 Qxe4 43. Qf3 Qxf3 44. Rxf3 axb4 45. axb4 Rc2+ 46. Rf2 Rc4 47. Ra2 gxf5 48. Ra7+ Kh6 49. gxf5 Rxb4 50. Rf7 Nd5 51. Kg3 Rf4 52. Rd7 Ne3 0-1

[Event "HUN-chT 1415"]
[Site "Hungary"]
[Date "2015.03.22"]
[Round "8.3"]
[White "Gara, Ticia"]
[Black "Merenyi, Gabor"]
[Result "1-0"]
[WhiteElo "2331"]
[BlackElo "1981"]
[PlyCount "35"]
[EventDate "2014.10.12"]
[EventType "team-tourn"]
[EventRounds "9"]
[EventCountry "HUN"]
[SourceTitle "EXT 2016"]
[Source "ChessBase"]
[SourceDate "2015.10.08"]
[SourceVersion "1"]
[SourceVersionDate "2015.10.08"]
[SourceQuality "1"]
[WhiteTeam "Aquaprofit"]
[BlackTeam "Husi"]
[WhiteTeamCountry "HUN"]
[BlackTeamCountry "HUN"]

1. e4 e5 2. Nf3 Nc6 3. Bb5 Nf6 4. d3 Bc5 5. 0-0 d6 6. c3 Bb6 7. Nbd2 Bd7 8. a4 a6 9. Bc4 Qe7 10. b4 0-0 11. Bb3 Kh8 12. Nc4 Ba7 13. Bg5 Nd8 14. Ne3 c6 15. Nh4 g6 16. Qf3 Kg7 17. Qg3 h6 18. Nhf5+ 1-0

[Event "Budapest-chT1 Lilienthal 1314"]
[Site "Budapest"]
[Date "2013.11.10"]
[Round "3"]
[White "Nadasi, Balazs"]
[Black "Merenyi, Gabor"]
[Result "1-0"]
[WhiteElo "2121"]
[BlackElo "2004"]
[PlyCount "62"]
[EventDate "2013.09.29"]
[EventType "team-tourn"]
[EventRounds "11"]
[EventCountry "HUN"]
[SourceTitle "EXT 2021"]
[Source "ChessBase"]
[SourceDate "2020.10.23"]
[SourceVersion "1"]
[SourceVersionDate "2020.10.23"]
[SourceQuality "1"]
[WhiteTeam "Sarkany II"]
[BlackTeam "Budapest HUSI II"]
[WhiteTeamCountry "HUN"]
[BlackTeamCountry "HUN"]

1. e4 e5 2. Nf3 Nc6 3. Bb5 Bc5 4. 0-0 Qf6 5. c3 Nge7 6. d4 exd4 7. Bg5 Qg6 8. Bxe7 Bxe7 9. cxd4 0-0 10. d5 Nb8 11. Nc3 d6 12. Nd4 Bf6 13. Nde2 c5 14. a4 a6 15. Bd3 Qg4 16. a5 Qd7 17. Qd2 Qc7 18. Bc4 Nd7 19. f4 b5 20. axb6 Nxb6 21. Ba2 Bb7 22. e5 Be7 23. Rad1 Rad8 24. Qe3 Rfe8 25. Qg3 f6 26. e6 Rc8 27. Bb1 Bf8 28. Ne4 Kh8 29. N2c3 Re7 30. Qh3 g6 31. Nxf6 Bg7 1-0

[Event "HUN-chT2 Breyer 1112"]
[Site "Hungary"]
[Date "2011.11.13"]
[Round "3.8"]
[White "Merenyi, Gabor"]
[Black "Martin, Bela"]
[Result "1/2-1/2"]
[WhiteElo "1998"]
[BlackElo "2060"]
[PlyCount "66"]
[EventDate "2011.09.25"]
[EventType "team-tourn"]
[EventRounds "11"]
[EventCountry "HUN"]
[SourceTitle "EXT 2013"]
[Source "ChessBase"]
[SourceDate "2012.11.22"]
[SourceVersion "1"]
[SourceVersionDate "2012.11.22"]
[SourceQuality "1"]
[WhiteTeam "Husi"]
[BlackTeam "BEAC II"]
[WhiteTeamCountry "HUN"]
[BlackTeamCountry "HUN"]

1. e4 c5 2. Nf3 d6 3. d4 cxd4 4. Qxd4 a6 5. Be3 Nc6 6. Qd2 Nf6 7. Bd3 Qc7 8. c4 e6 9. Nc3 Be7 10. Rc1 Ne5 11. Nxe5 dxe5 12. Qe2 0-0 13. 0-0 b6 14. Rfd1 Bb7 15. a3 Nd7 16. Rd2 Bc6 17. Bc2 a5 18. Rcd1 Rad8 19. f3 Qb7 20. Ba4 Bxa4 21. Nxa4 Qc6 22. Nc3 Nc5 23. Rxd8 Rxd8 24. Rxd8+ Bxd8 25. b4 axb4 26. axb4 Nb7 27. Qd3 h6 28. Kf2 Be7 29. b5 Qc7 30. Na4 Nc5 31. Nxc5 Bxc5 32. h3 Bxe3+ 33. Qxe3 Qd6 1/2-1/2

[Event "HUN-chT 1011"]
[Site "Hungary"]
[Date "2011.05.15"]
[Round "11"]
[White "Merenyi, Gabor"]
[Black "Papp, Tamas"]
[Result "1/2-1/2"]
[WhiteElo "2031"]
[BlackElo "2316"]
[PlyCount "74"]
[EventDate "2010.10.10"]
[EventType "team-tourn"]
[EventRounds "11"]
[EventCountry "HUN"]
[SourceTitle "EXT 2012"]
[Source "ChessBase"]
[SourceDate "2011.11.24"]
[SourceVersion "1"]
[SourceVersionDate "2011.11.24"]
[SourceQuality "1"]
[WhiteTeam "Kazincbarcika"]
[BlackTeam "Decs"]
[WhiteTeamCountry "HUN"]
[BlackTeamCountry "HUN"]

1. e4 c5 2. Nf3 e6 3. c3 d5 4. exd5 Qxd5 5. d4 Nf6 6. Be3 Nc6 7. Nbd2 cxd4 8. Nxd4 Nxd4 9. Bxd4 Be7 10. Qf3 Qxf3 11. Nxf3 0-0 12. Be2 Nd5 13. 0-0-0 f6 14. Bc4 Nc7 15. Rhe1 Kh8 16. a3 b6 17. Nd2 Re8 18. f4 Bf8 19. Nf3 Bb7 20. Rd3 b5 21. Bb3 Nd5 22. g3 a5 23. Kb1 Rac8 24. Rd2 b4 25. axb4 axb4 26. Rd3 Ba6 27. c4 Bxc4 28. Bxc4 Rxc4 29. b3 Rcc8 30. Bb2 Nc7 31. Rde3 Bc5 32. Re4 Kg8 33. Rc4 Bd6 34. Nd4 Kf7 35. Rec1 Ke7 36. Nb5 Nxb5 37. Rxc8 Nc3+ 1/2-1/2

[Event "HUN-chT2 Barcza 1011"]
[Site "Hungary"]
[Date "2010.11.21"]
[Round "6.2"]
[White "Eberth, Zoltan"]
[Black "Merenyi, Gabor"]
[Result "1-0"]
[WhiteElo "2198"]
[BlackElo "2131"]
[PlyCount "30"]
[EventDate "2010.09.12"]
[EventType "team-tourn"]
[EventRounds "11"]
[EventCountry "HUN"]
[SourceTitle "EXT 2012"]
[Source "ChessBase"]
[SourceDate "2011.11.24"]
[SourceVersion "1"]
[SourceVersionDate "2011.11.24"]
[SourceQuality "1"]
[WhiteTeam "Mezokovesd"]
[BlackTeam "Kazincbarcika"]
[WhiteTeamCountry "HUN"]
[BlackTeamCountry "HUN"]

1. e4 e5 2. f4 exf4 3. Nf3 d5 4. exd5 Nf6 5. c4 c6 6. d4 Bb4+ 7. Nc3 Qe7+ 8. Be2 Ne4 9. Qb3 g5 10. 0-0 Bxc3 11. bxc3 cxd5 12. cxd5 f5 13. Ba3 Qf6 14. Ne5 h5 15. d6 Rh7 1-0

[Event "HUN-chT2 Barcza 1011"]
[Site "Hungary"]
[Date "2010.10.10"]
[Round "3.1"]
[White "Paszerbovics, Sandor"]
[Black "Merenyi, Gabor"]
[Result "1/2-1/2"]
[WhiteElo "2024"]
[BlackElo "2131"]
[PlyCount "137"]
[EventDate "2010.09.12"]
[EventType "team-tourn"]
[EventRounds "11"]
[EventCountry "HUN"]
[SourceTitle "EXT 2012"]
[Source "ChessBase"]
[SourceDate "2011.11.24"]
[SourceVersion "1"]
[SourceVersionDate "2011.11.24"]
[SourceQuality "1"]
[WhiteTeam "Balkany"]
[BlackTeam "Kazincbarcika"]
[WhiteTeamCountry "HUN"]
[BlackTeamCountry "HUN"]

1. e4 e5 2. Nf3 Nc6 3. Bb5 Nd4 4. Nxd4 exd4 5. 0-0 c6 6. Bc4 Nf6 7. d3 d6 8. c3 Be7 9. cxd4 d5 10. Bb3 dxe4 11. dxe4 Nxe4 12. Re1 Nf6 13. Qe2 Kf8 14. Nc3 Bd7 15. Bf4 Be8 16. Rad1 Bd6 17. Be5 h5 18. Bxf6 Qxf6 19. Ne4 Qd8 20. Qf3 Rb8 21. Nxd6 Qxd6 22. Rxe8+ Kxe8 23. Qxf7+ Kd8 24. d5 c5 25. Qxg7 Re8 26. h3 Qe5 27. Qg6 b5 28. d6 Rb7 29. Bf7 Rf8 30. Bd5 Rg7 31. Qh6 Qxb2 32. Qe3 c4 33. Rd2 Qa1+ 34. Kh2 Re8 35. Qh6 Rf8 36. Qxh5 Qf6 37. Qe2 Re8 38. Qf3 Qxd6+ 39. g3 Rd7 40. Qh5 Re5 41. Qh8+ Re8 42. Qh4+ Qe7 43. Qh6 Qc5 44. Bc6 Rd3 45. Bxe8 Rxd2 46. Qxd2+ Kxe8 47. h4 c3 48. Qc2 Qd4 49. Kg2 Qd2 50. Qe4+ Kd7 51. Qb4 Kc6 52. a4 Qd5+ 53. Kh2 c2 54. axb5+ Kb6 55. Qe1 Qc5 56. Qc1 Qxf2+ 57. Kh3 Qc5 58. Kg4 Kxb5 59. h5 Qb4+ 60. Kh3 Qb1 61. Qg5+ Kc4 62. Qf4+ Kc3 63. Qe3+ Kb4 64. Qd4+ Kb3 65. Qd3+ Kb2 66. Qd4+ Kb3 67. Qd3+ Kb4 68. Qd4+ Kb5 69. Qd5+ 1/2-1/2

[Event "Berekfurdo op-B 4th"]
[Site "Berekfurdo"]
[Date "2010.09.02"]
[Round "1"]
[White "Merenyi, Gabor"]
[Black "Gazsovics, Bela"]
[Result "1-0"]
[WhiteElo "2031"]
[BlackElo "1767"]
[PlyCount "121"]
[EventDate "2010.09.02"]
[EventType "swiss"]
[EventRounds "7"]
[EventCountry "HUN"]
[SourceTitle "EXT 2019"]
[Source "ChessBase"]
[SourceDate "2018.10.10"]
[SourceVersion "1"]
[SourceVersionDate "2018.10.10"]
[SourceQuality "1"]

1. e4 c5 2. Nf3 d6 3. d4 cxd4 4. Nxd4 Nf6 5. f3 g6 6. Be3 Bg7 7. c4 0-0 8. Nc3 Nc6 9. Qd2 Bd7 10. Be2 a6 11. 0-0 Re8 12. Rfd1 Qc7 13. Rac1 Rad8 14. Nd5 Qb8 15. Nb6 Nxd4 16. Bxd4 Bc6 17. b4 Nd7 18. Bxg7 Kxg7 19. Qd4+ f6 20. Nd5 Bxd5 21. exd5 Qc7 22. f4 h5 23. g4 hxg4 24. Bxg4 Nf8 25. Re1 Kf7 26. Qe3 f5 27. Bf3 Qd7 28. Re2 Nh7 29. Qe6+ Kg7 30. Qxd7 Rxd7 31. c5 dxc5 32. bxc5 Nf6 33. c6 bxc6 34. dxc6 Rc7 35. Rc5 Kf7 36. Re3 Rb8 37. Ra3 Rb6 38. Rca5 Ne4 39. Rxa6 Rcxc6 40. Rxb6 Rxb6 41. Rb3 Rxb3 42. axb3 Nd2 43. Kf2 Ke6 44. b4 Nxf3 45. Kxf3 Kd5 46. h4 Kc4 47. Ke3 e6 48. b5 Kxb5 49. Kd4 Kc6 50. Ke5 Kd7 51. Kf6 e5 52. fxe5 f4 53. Kf7 Kc7 54. e6 f3 55. e7 f2 56. e8Q f1Q+ 57. Kxg6 Qg2+ 58. Kh6 Qg4 59. Qf7+ Kd8 60. Qf8+ Kc7 61. Qg7+ 1-0

[Event "Budapest Weekend 2nd"]
[Site "Budapest"]
[Date "2010.08.20"]
[Round "2"]
[White "Czimer, Jozsef"]
[Black "Merenyi, Gabor"]
[Result "1/2-1/2"]
[WhiteElo "1845"]
[BlackElo "2054"]
[PlyCount "94"]
[EventDate "2010.08.20"]
[EventType "swiss"]
[EventRounds "7"]
[EventCountry "HUN"]
[SourceTitle "EXT 2020"]
[Source "ChessBase"]
[SourceDate "2019.10.17"]
[SourceVersion "1"]
[SourceVersionDate "2019.10.17"]
[SourceQuality "1"]

1. e4 e5 2. Nf3 Nf6 3. Nxe5 d6 4. Nf3 Nxe4 5. d4 d5 6. Bd3 Bg4 7. 0-0 Be7 8. Nbd2 f5 9. c4 Nc6 10. Qa4 0-0 11. cxd5 Nb4 12. Bc4 Qd6 13. Ne5 Nf6 14. Ndf3 Bxf3 15. Nxf3 Nbxd5 16. Qb3 Kh8 17. Qxb7 h6 18. Qa6 Qxa6 19. Bxa6 Kh7 20. a3 Ne4 21. Bc4 Rad8 22. b4 Bf6 23. Ra2 Ndc3 24. Rc2 Bxd4 25. Nxd4 Rxd4 26. Ba6 Rd6 27. f3 Rxa6 28. fxe4 Nxe4 29. Rxc7 Nd6 30. Bb2 Ne8 31. Re7 h5 32. Rfe1 Nf6 33. R1e6 Rxe6 34. Rxe6 Rf7 35. Bxf6 gxf6 36. Kf2 Kg6 37. Kf3 h4 38. Rc6 Rd7 39. Rc3 Rd5 40. a4 Rd4 41. Rb3 Kg5 42. a5 a6 43. b5 axb5 44. Rxb5 Rd3+ 45. Kf2 Ra3 46. h3 Ra2+ 47. Kf3 Ra3+ 1/2-1/2

[Event "Devecser Esterhazy Memorial op"]
[Site "Devecser"]
[Date "2009.07.05"]
[Round "6"]
[White "Leviczki, Tibor"]
[Black "Merenyi, Gabor"]
[Result "1-0"]
[WhiteElo "2357"]
[BlackElo "2139"]
[PlyCount "78"]
[EventDate "2009.07.02"]
[EventType "swiss"]
[EventRounds "7"]
[EventCountry "HUN"]
[SourceTitle "EXT 2011"]
[Source "ChessBase"]
[SourceDate "2010.11.26"]
[SourceVersion "1"]
[SourceVersionDate "2010.11.26"]
[SourceQuality "1"]

1. d4 e6 2. e4 d5 3. Nc3 dxe4 4. Nxe4 Nf6 5. Nxf6+ Qxf6 6. Nf3 h6 7. Bd3 Bd6 8. 0-0 0-0 9. Qe2 Re8 10. Qe4 Nd7 11. c4 c6 12. Bd2 Nf8 13. Ne5 Bxe5 14. dxe5 Qe7 15. Rad1 Bd7 16. Rfe1 Rad8 17. Qg4 f5 18. exf6 Qxf6 19. Bc3 e5 20. Qh5 Qf7 21. Qxf7+ Kxf7 22. Rxe5 Rxe5 23. Bxe5 Bf5 24. Bc2 Re8 25. Bxf5 Rxe5 26. Bd3 Ne6 27. f3 Nc5 28. Bf1 a5 29. Kf2 Re7 30. g3 Rd7 31. Rxd7+ Nxd7 32. Ke3 Ke7 33. f4 Nc5 34. Kd4 Kd6 35. Bg2 b5 36. cxb5 cxb5 37. a3 Nb3+ 38. Kc3 Nc1 39. Bf1 Kc5 1-0

[Event "Devecser Esterhazy Memorial op"]
[Site "Devecser"]
[Date "2009.07.03"]
[Round "3"]
[White "Czimer, Jozsef"]
[Black "Merenyi, Gabor"]
[Result "1/2-1/2"]
[WhiteElo "1877"]
[BlackElo "2139"]
[PlyCount "135"]
[EventDate "2009.07.02"]
[EventType "swiss"]
[EventRounds "7"]
[EventCountry "HUN"]
[SourceTitle "EXT 2011"]
[Source "ChessBase"]
[SourceDate "2010.11.26"]
[SourceVersion "1"]
[SourceVersionDate "2010.11.26"]
[SourceQuality "1"]

1. e4 e5 2. Nf3 Nc6 3. Bb5 a6 4. Bxc6 dxc6 5. 0-0 f6 6. d4 exd4 7. Nxd4 c5 8. Nb3 Qxd1 9. Rxd1 Bg4 10. f3 Bd7 11. Be3 b6 12. Nc3 0-0-0 13. Nc1 Ne7 14. Nd3 g6 15. Rab1 Bg7 16. Nf4 f5 17. Ncd5 Rde8 18. Nxe7+ Rxe7 19. Nd5 Rf7 20. exf5 Bxf5 21. Rd2 Rd7 22. g4 Be6 23. c4 Kb7 24. b3 Bf7 25. Rbd1 Rhd8 26. Bg5 Bd4+ 27. Kg2 Rh8 28. Nc3 Rd6 29. Ne4 Re6 30. Rd3 h5 31. h3 hxg4 32. hxg4 Be8 33. Bf4 Bc6 34. Ng3 g5 35. Bd2 Rh4 36. Re1 Rxe1 37. Bxe1 Rxg4 38. Kh3 Rh4+ 39. Kg2 Rf4 40. Nh5 Rxf3 41. Rxf3 g4 42. Ng3 Bxf3+ 43. Kf1 Bd1 44. Ne2 Be5 45. Nc3 Bc2 46. Kg2 c6 47. Bd2 b5 48. Kf2 Kb6 49. Ke2 Bxc3 50. Bxc3 b4 51. Be5 Bb1 52. Kd2 Kb7 53. Kc1 Bg6 54. Bd6 a5 55. Kb2 Kc8 56. Bxc5 g3 57. a3 g2 58. axb4 axb4 59. Kc1 Bf7 60. Kd2 Kb7 61. Bg1 Kc7 62. Kd3 Kb7 63. Bf2 Ka6 64. Bc5 Bg6+ 65. Kd2 Ka5 66. Ba7 Bf7 67. Kd3 Be6 68. Bg1 1/2-1/2

[Event "HUN-chT2 Barcza 0809"]
[Site "Hungary"]
[Date "2009.02.22"]
[Round "8.3"]
[White "Merenyi, Gabor"]
[Black "Kelemen, Imre"]
[Result "1-0"]
[WhiteElo "2147"]
[BlackElo "2075"]
[PlyCount "89"]
[EventDate "2008.10.26"]
[EventType "team-tourn"]
[EventRounds "11"]
[EventCountry "HUN"]
[SourceTitle "EXT 2010"]
[Source "ChessBase"]
[SourceDate "2010.11.25"]
[SourceVersion "1"]
[SourceVersionDate "2010.11.25"]
[SourceQuality "1"]
[WhiteTeam "Kazincbarcika II"]
[BlackTeam "DEAC"]
[WhiteTeamCountry "HUN"]
[BlackTeamCountry "HUN"]

1. e4 e5 2. Nc3 Nf6 3. f4 d5 4. fxe5 Nxe4 5. Nf3 Bg4 6. Qe2 Nc6 7. Nxe4 Nd4 8. Qd3 Bxf3 9. gxf3 dxe4 10. Qxe4 Be7 11. c3 Bh4+ 12. Kd1 Ne6 13. d4 0-0 14. Bd3 g6 15. Bh6 Re8 16. Kc2 c5 17. d5 f5 18. Qc4 b5 19. Qxb5 Qxd5 20. Qc4 Qxc4 21. Bxc4 Kf7 22. Be3 Ke7 23. Rhd1 f4 24. Bg1 Rac8 25. Rd6 Ng5 26. Ra6 Rc7 27. Rxa7 Rxa7 28. Bxc5+ Kd8 29. Bxa7 Nxf3 30. Rd1+ Kc7 31. e6 Ne5 32. Bb3 f3 33. Bd4 Ng4 34. h3 Nh6 35. Be5+ Kc8 36. Ba4 Re7 37. Bd7+ Kb7 38. Bd6 Nf5 39. Bc5 Rg7 40. Rf1 f2 41. Bxf2 Bxf2 42. Rxf2 h5 43. Be8 h4 44. Bf7 Ne7 45. Rd2 1-0

[Event "HUN-chT2 Barcza 0809"]
[Site "Hungary"]
[Date "2008.12.21"]
[Round "4.3"]
[White "Landenberger, Laszlo"]
[Black "Merenyi, Gabor"]
[Result "0-1"]
[WhiteElo "2171"]
[BlackElo "2147"]
[PlyCount "88"]
[EventDate "2008.10.26"]
[EventType "team-tourn"]
[EventRounds "11"]
[EventCountry "HUN"]
[SourceTitle "EXT 2010"]
[Source "ChessBase"]
[SourceDate "2010.11.25"]
[SourceVersion "1"]
[SourceVersionDate "2010.11.25"]
[SourceQuality "1"]
[WhiteTeam "Miskolc EMSE II"]
[BlackTeam "Kazincbarcika II"]
[WhiteTeamCountry "HUN"]
[BlackTeamCountry "HUN"]

1. Nf3 c5 2. c3 d5 3. e4 dxe4 4. Ng5 Nf6 5. d3 exd3 6. Bxd3 Nc6 7. 0-0 h6 8. Ne4 Nxe4 9. Bxe4 Qxd1 10. Rxd1 Bd7 11. Na3 0-0-0 12. Be3 e5 13. Rd5 Be6 14. Rxd8+ Nxd8 15. f4 f5 16. Bc2 e4 17. Rd1 a6 18. Bb3 Bxb3 19. axb3 Ne6 20. Nc4 g5 21. g3 gxf4 22. gxf4 Rg8+ 23. Kf2 Rg4 24. h3 Rg6 25. Rd5 b5 26. Nb6+ Kc7 27. Nd7 Bd6 28. Ne5 Rg7 29. c4 b4 30. Rd1 Bxe5 31. fxe5 f4 32. Bc1 e3+ 33. Kf3 Rg3+ 34. Ke4 e2 35. Re1 f3 36. Be3 Rxh3 37. Bxh6 Rxh6 38. Kxf3 Nd4+ 39. Ke4 Re6 40. Kd5 Rxe5+ 41. Kxe5 Nf3+ 42. Ke4 Nxe1 43. Ke3 Nd3 44. Kxe2 Nc1+ 0-1

[Event "HUN-chT2 Maroczy 0506"]
[Site "Hungary"]
[Date "2006.04.23"]
[Round "11"]
[White "Dobai, Szabolcs"]
[Black "Merenyi, Gabor"]
[Result "1-0"]
[WhiteElo "2119"]
[BlackElo "2117"]
[PlyCount "143"]
[EventDate "2005.10.16"]
[EventType "team"]
[EventRounds "11"]
[EventCountry "HUN"]
[SourceTitle "EXT 2009"]
[Source "ChessBase"]
[SourceDate "2008.11.26"]
[SourceVersion "1"]
[SourceVersionDate "2008.11.26"]
[SourceQuality "1"]
[WhiteTeam "Miskolc EMSE"]
[BlackTeam "Kazincbarcika"]
[WhiteTeamCountry "HUN"]
[BlackTeamCountry "HUN"]

1. c4 e5 2. Nc3 Nc6 3. Nf3 Bb4 4. Qc2 Nf6 5. a3 Bxc3 6. Qxc3 Qe7 7. e3 0-0 8. b3 d6 9. Bb2 Bg4 10. h3 Ne4 11. Qc2 Bxf3 12. gxf3 Ng5 13. Be2 Rae8 14. 0-0-0 Ne6 15. h4 a5 16. Rdg1 Nc5 17. Bd3 Nxd3+ 18. Qxd3 Kh8 19. h5 h6 20. Rg4 Rg8 21. Rhg1 f6 22. Qd5 Qe6 23. Qd3 Qf7 24. Qf5 Rd8 25. R4g2 b6 26. e4 a4 27. d3 axb3 28. Kb1 Rb8 29. Rg6 Rbf8 30. Bc1 Nd4 31. Qg4 Kh7 32. Be3 f5 33. Qg2 Ne6 34. Kb2 f4 35. Bd2 Rb8 36. Bc3 b5 37. cxb5 Nc5 38. Kb1 Nxd3 39. a4 Nc5 40. a5 Rxb5 41. Qf1 Na4 42. Bd2 Rc5 43. a6 Nb6 44. a7 Qc4 45. Qxc4 Rxc4 46. Ba5 Na8 47. Rc1 Rxc1+ 48. Kxc1 Re8 49. Kb2 Re7 50. Kxb3 c6 51. Rxd6 Rxa7 52. Bc3 Re7 53. Rxc6 Nc7 54. Bb4 Rd7 55. Bd6 Ne6 56. Bxe5 Re7 57. Kc4 Kg8 58. Kd5 Kf7 59. Bd6 Rb7 60. Ra6 Rb5+ 61. Kc6 Rxh5 62. Ra7+ Kg6 63. Kd7 Kf7 64. Kc8+ Kg8 65. Re7 Ng5 66. Bxf4 Nxf3 67. e5 Rf5 68. Bg3 h5 69. e6 Ra5 70. Re8+ Kh7 71. e7 Ra8+ 72. Bb8 1-0

[Event "HUN-chT2 Maroczy 0506"]
[Site "Hungary"]
[Date "2006.02.26"]
[Round "8"]
[White "Balog, Gabor"]
[Black "Merenyi, Gabor"]
[Result "1-0"]
[WhiteElo "2199"]
[BlackElo "2117"]
[PlyCount "61"]
[EventDate "2005.10.16"]
[EventType "team"]
[EventRounds "11"]
[EventCountry "HUN"]
[SourceTitle "EXT 2009"]
[Source "ChessBase"]
[SourceDate "2008.11.26"]
[SourceVersion "1"]
[SourceVersionDate "2008.11.26"]
[SourceQuality "1"]
[WhiteTeam "Penzugyor"]
[BlackTeam "Kazincbarcika"]
[WhiteTeamCountry "HUN"]
[BlackTeamCountry "HUN"]

1. d4 Nf6 2. c4 e6 3. Nf3 b6 4. g3 Bb7 5. Bg2 d5 6. 0-0 Be7 7. Ne5 0-0 8. Nc3 Ne8 9. cxd5 exd5 10. Qb3 c6 11. Bf4 g5 12. Be3 Nd7 13. f4 Nd6 14. Rad1 Nxe5 15. fxe5 Nc4 16. Bf2 Qd7 17. e4 f5 18. Bh3 g4 19. exd5 cxd5 20. Bg2 Bg5 21. Rfe1 Qe6 22. Nb5 Rfc8 23. Nd6 Nxd6 24. exd6 Qxd6 25. Re5 Rc4 26. Rxf5 h6 27. Qd3 Rac8 28. Be3 Qd8 29. Bxg5 hxg5 30. Qe3 R4c7 31. Rxg5+ 1-0

[Event "HUN-chT2 Maroczy 0506"]
[Site "Hungary"]
[Date "2006.01.22"]
[Round "6"]
[White "Balog, Marton"]
[Black "Merenyi, Gabor"]
[Result "1-0"]
[WhiteElo "2223"]
[BlackElo "2117"]
[PlyCount "41"]
[EventDate "2005.10.16"]
[EventType "team"]
[EventRounds "11"]
[EventCountry "HUN"]
[SourceTitle "EXT 2009"]
[Source "ChessBase"]
[SourceDate "2008.11.26"]
[SourceVersion "1"]
[SourceVersionDate "2008.11.26"]
[SourceQuality "1"]
[WhiteTeam "Vasas"]
[BlackTeam "Kazincbarcika"]
[WhiteTeamCountry "HUN"]
[BlackTeamCountry "HUN"]

1. e4 e5 2. Nf3 Nc6 3. Bb5 f5 4. Nc3 fxe4 5. Nxe4 d5 6. Nxe5 dxe4 7. Nxc6 Qg5 8. Qe2 Nf6 9. f4 Qxf4 10. Ne5+ c6 11. d4 Qh4+ 12. g3 Qh3 13. Bc4 Be6 14. Bg5 0-0-0 15. 0-0-0 Bd6 16. Nf7 Bxf7 17. Bxf7 Rhf8 18. Bc4 Rde8 19. Rhf1 Kc7 20. Bf4 Qg4 21. Bxd6+ 1-0